000 02127ncm0a2200409 4500
001 RU\NLR\ONIZ\216640
005 20250626062311.0
010 _a5-89981-402-0
021 _aRU
_b06-109
_906-4
035 _aRU\NLR\ONIZ\natafirs\5000001691\20170310135552
035 _a(NLR Aleph) 011414161
090 _a11573963
_c11573963
100 _a20170310d2005 |||y0rusy50 ca
101 0 _arus
102 _aRU
125 _azy
128 _achs
_asg
145 0 _ac
200 1 _aПутешествие в мир детских песен
_bНоты
_eучеб.-метод. пособие по гитарному аккомпанементу
_hЧ. 1
_fА. В Томилин
210 _aВоронеж
_cИстоки
_d2005
215 _a56 с.
_cил.
_d21 см
313 _aСистематизация документа проведена по изданию - Методика классифицирования музыкальных произведений (нотных изданий) по таблицам Библиотечно-библиографических классификаций : метод. рекомендации / Гос. б-ка СССР им. В.И. Ленина.- М., 1977. Индексу ББК методических рекомендаций присваивается код ББК для научных библиотек - LBC/SL
606 1 _aГитара классическая
_xАккомпанемент
_yРоссия
_z20-21 век
_2nlr_sh
606 1 _aДетские песни в сопровождении гитары
_2nlr_sh
686 _aЩ956.419.1(2Р)
_vLBC/SL
_2rubbk
686 _aЩ984.0(2Р)я43
_vLBC/SL
_2rubbk
700 1 _9z02790
_aТомилин
_bА. В
_f1968-
_gАлександр
_4070
_7ca
790 1 _9z02700
_aTomilin
_bA. V
_f1968-
_gAleksandr
_4070
_7ba
801 0 _aRU
_bNLR
_c20170310
_gPSBO
801 1 _aRU
_bNLR
_c20170310
_2rusmarc
801 2 _aRU
_bNLR
_c20190704
852 _aNLR
_bМ
_jК-2/4348(1)
_pМОЭ 2006-4/109
_t1
852 _aNLR
_bМ
_jК-2/4348(1)а
_pМОЭ 2006-4/109а
_t2
942 _cSCORE
980 _aNB
980 _aONIZ